000 00420nam a2200169Ia 4500
008 230711s9999||||xx |||||||||||||| ||und||
020 _a81-920432-0-7
041 _aENG
082 _a720.954022
_bME-A
100 _aMehrotra, Rahul
245 0 _aArchitecture in India since 1990
250 _a9th Ed.
260 _c2011
_aMumbai
_bPictor Publishing Pvt.Ltd
300 _a311p.
650 _aArchitecture
942 _cBK
999 _c6436
_d6436